| 000 | 03090nam0a2200397 4500 | ||
|---|---|---|---|
| 001 | RU\NLR\bibl\745371 | ||
| 005 | 20260405204951.0 | ||
| 010 |
_a5-94157-498-3 _bв пер. _93000 |
||
| 021 |
_aRU _b2004-71051 _93506 |
||
| 035 | _aRSL-KNO-002500877 | ||
| 035 | _a(NLR Aleph) 000735212 | ||
| 090 |
_a787730 _c787730 |
||
| 100 | _a20041116d2004 |||y0rusy50 ca | ||
| 101 | 0 | _arus | |
| 102 | _aRU | ||
| 105 | _aa ||||||||| | ||
| 106 | _ar | ||
| 200 | 1 |
_aСопротивление материалов на базе Mathcad _eучебное пособие для студентов высших учебных заведений, обучающихся по группе направлений подготовки бакалавров и магистров 550000 - "Технические науки" и дипломированных специалистов 650000 - "Техника и технологии" по дисциплине "Сопротивление материалов" _e[полный объем теоретических сведений, практические расчеты, решение сложных задач в Mathcad, 40 универсальных программ по всем разделам курса на компакт-диске] _fЕ. Г. Макаров |
|
| 210 |
_aСанкт-Петербург _cБХВ-Петербург _d2004 _gГУП Тип. Наука |
||
| 215 |
_a512 с. _cил., табл. _d24 |
||
| 320 | _aБиблиогр.: с. 507-508 (15 назв.) | ||
| 320 | _aПредм. указ.: с. 509-512 | ||
| 606 | 1 |
_aMATHCAD, пакет прикладных программ _jРуководства, пособия и т.п. для высшей школы _92077446 _3RU\NLR\auth\661253075 |
|
| 606 | 1 |
_aMATHCAD, пакет прикладных программ _jУчебные издания для высших учебных заведений _92077446 _3RU\NLR\auth\661253075 |
|
| 606 | 1 |
_aСопротивление материалов _jРуководства, пособия и т.п. для высшей школы _xЗадачи _xРешение на счетных машинах _91650235 _3RU\NLR\auth\661028900 |
|
| 606 | 1 |
_aСопротивление материалов _jУчебные издания для высших учебных заведений _xЗадачи _xРешение на компьютерах _92146500 _3RU\NLR\auth\661293147 |
|
| 610 | 0 | _aТехника и технические науки (в целом) -- Техническая механика -- Сопротивление материалов -- Применение вычислительной техники -- Учебник для высшей школы | |
| 686 |
_aЖ121с116я73-1 _2rubbk |
||
| 686 | _aЖ121с116я73-1 | ||
| 700 | 1 |
_4070 _8rus _7ca _aМакаров _bЕ. Г. _cинженер _gЕвгений Георгиевич _3RU\NLR\auth\7792256 _975183 |
|
| 801 | 0 |
_aRU _bRuMoRKP _c20041116 _grcr |
|
| 801 | 1 |
_aRU _bRuMoRGB _c20041116 |
|
| 801 | 2 |
_aRU _bNLR _c20050406 _gPSBO |
|
| 942 | _cBOOK | ||
| 980 | _aNB | ||